|
|
|
|
| LEADER |
01409nam a2200349 i 4500 |
| 001 |
28197 |
| 003 |
BD-DhAAL |
| 005 |
20190523140353.0 |
| 008 |
141204t20132013maua b 001 0 eng |
| 999 |
|
|
|c 33204
|d 33204
|
| 010 |
|
|
|a 2012046609
|
| 020 |
|
|
|a 9780262519557 (pbk. : alk. paper)
|
| 020 |
|
|
|a 0262519550 (pbk. : alk. paper)
|
| 040 |
|
|
|a DLC
|b eng
|c DLC
|e rda
|d DLC
|d BD-DhAAL
|
| 042 |
|
|
|a pcc
|
| 050 |
0 |
0 |
|a NA680
|b .K518 2013
|
| 082 |
0 |
0 |
|a 724.6
|2 23
|
| 100 |
1 |
|
|a Kipnis, Jeffrey.
|9 6493
|
| 240 |
1 |
0 |
|a Essays.
|k Selections
|
| 245 |
1 |
2 |
|a A question of qualities :
|b essays in architecture /
|c Jeffrey Kipnis, edited by Alexander Maymind.
|
| 260 |
|
|
|a Cambridge, Massachusetts :
|b The MIT Press,
|c c2013
|
| 300 |
|
|
|a 352 pages :
|b illustrations ;
|c 21 cm.
|
| 490 |
0 |
|
|a Writing architecture series
|
| 504 |
|
|
|a Includes bibliographical references (pages 323-346) and index.
|
| 526 |
|
|
|a ARC
|
| 541 |
|
|
|e 28197
|
| 650 |
|
0 |
|a Architecture, Modern
|y 20th century
|x Themes, motives.
|9 5572
|
| 650 |
|
0 |
|a Architecture, Modern
|y 21st century
|x Themes, motives.
|9 5573
|
| 700 |
1 |
|
|a Maymind, Alexander,
|e editor of compilation.
|9 6494
|
| 700 |
1 |
2 |
|a Kipnis, Jeffrey.
|t A question of qualities.
|9 6495
|
| 942 |
|
|
|2 ddc
|c BK
|
| 952 |
|
|
|0 0
|1 0
|2 ddc
|4 0
|6 724_600000000000000_KIP
|7 0
|9 44320
|a BRACUL
|b BRACUL
|c GEN
|d 2014-12-04
|e Karim International
|g 1800.00
|l 2
|m 1
|o 724.6 KIP
|p 3010028197
|r 2025-04-26
|s 2025-04-21
|t 1
|w 2014-12-04
|y BK
|